Obytný komplex Avion v Bratislave Interiér a jeho identita

Saved in:
Bibliographic Details
Main Author: Tóth, Adam (Author)
Other Authors: Daniel, Peter (Thesis advisor)
Format: Manuscript Book
Language:Slovak
Published: Bratislava 2022
Subjects:
Online Access:http://is.stuba.sk/zp/portal_zp.pl?podrobnosti=152467
Tags: Add Tag
No Tags, Be the first to tag this record!

MARC

LEADER 00000ntm a22000003a 4500
001 stuzp71258
003 SK-STU
005 20240112104534.9
007 ta
008 150427s2015----xo-----f-mn---000-0-slo-d
040 |a STU  |b slo 
041 0 |a slo 
044 |a xo 
100 1 |a Tóth, Adam  |u 055150  |4 aut  |U FAD Fakulta architektúry a dizajnu  |T FAD Ústav interiéru a výstavníctva  |X 70427  |U A5150  |Y 396  |7 70427 
242 0 1 |a Residential Complex Avion in Breatislava: Interior and Its Identity  |y eng 
245 1 0 |a Obytný komplex Avion v Bratislave Interiér a jeho identita 
260 |c 2022  |a Bratislava 
650 4 |a interiér  |2 slo 
650 4 |a funkcionalizmus  |2 slo 
650 4 |a Avion  |2 slo 
650 4 |a identita  |2 slo 
650 4 |a osobný výťah  |2 slo 
650 4 |a pamiatková ochrana  |2 slo 
650 4 |a interiérový dizajn  |2 slo 
650 4 |a Avion  |2 eng 
650 4 |a interior  |2 eng 
650 4 |a identity  |2 eng 
650 4 |a functionalism  |2 eng 
650 4 |a personal elevator  |2 eng 
650 4 |a monument protection  |2 eng 
650 4 |a interior design  |2 eng 
700 1 |a Daniel, Peter  |u 055150  |k Z1  |4 ths  |U FAD Fakulta architektúry a dizajnu  |T FAD Ústav interiéru a výstavníctva  |X 388  |U A5150  |Y 396  |7 A000000388 
856 4 |u http://is.stuba.sk/zp/portal_zp.pl?podrobnosti=152467 
996 |b 284AU09870  |c A* 13239/V  |l AAKNST  |s P  |a 0  |w stuzp71258_0001